00321nam a2200121Ia 4500008004100000041000800041082001500049100002000064245004400084260002800128300003200156365001100188240624s9999 xx 000 0 und d aeng a339.46 KRI aKRISHNA ANIRUDH aONE ILLNESS AWAY WHY PEOPLE BECOME POOR c2010aNew DelhibOxford axvii, : 229 : p. : cm. ; 24 cRSb32